[Event "Campionatele Nationale pe echipe-Superl"]
[Site "Calimanesti-Caciulata"]
[Date "2014.11.12"]
[Round "5.2"]
[White "Daulyte, Deimante"]
[Black "Stanciu, Ioana-Georgiana"]
[Result "1-0"]
[WhiteElo "2364"]
[BlackElo "1850"]
[PlyCount "67"]
[EventDate "2014.11.08"]
[EventType "team"]
[EventRounds "7"]
[WhiteTeam "CSM BUCURESTI"]
[BlackTeam "CSM LUGOJ"]

1. e4 c5 2. Nf3 e6 3. Nc3 d6 4. d4 cxd4 5. Qxd4 Nc6 6. Bb5 Bd7 7. Bxc6 Bxc6 8.
Bg5 Nf6 9. Qd3 Qa5 10. O-O-O b5 11. Bxf6 gxf6 12. Nd4 Bd7 13. Ndxb5 d5 14. exd5
e5 15. d6 Bh6+ 16. Kb1 O-O 17. Nc7 Rab8 18. Ne4 Bg7 19. Nd5 f5 20. Nef6+ Kh8
21. Qh3 h6 22. Nxd7 e4 23. b3 Rfc8 24. c3 Rb5 25. N7f6 Qa3 26. Rd2 Rcb8 27.
Qxf5 Rxb3+ 28. Ka1 Bxf6 29. Qxf6+ Kh7 30. Qxf7+ Kh8 31. Qf6+ Kh7 32. Ne7 Rg8
33. Qf7+ Rg7 34. Qxb3 1-0

[Event "Campionatele Nationale pe echipe-Superl"]
[Site "Calimanesti-Caciulata"]
[Date "2014.11.13"]
[Round "6.2"]
[White "Stanciu, Ioana-Georgiana"]
[Black "Bulmaga, Irina"]
[Result "0-1"]
[WhiteElo "1850"]
[BlackElo "2393"]
[PlyCount "86"]
[EventDate "2014.11.08"]
[EventType "team"]
[EventRounds "7"]
[WhiteTeam "CSM LUGOJ"]
[BlackTeam "CS POLITEHNICA-ANTIBIOTICE IASI"]

1. e4 c5 2. Nf3 e6 3. d4 cxd4 4. Nxd4 Nc6 5. Be3 Nf6 6. Nd2 d6 7. Bd3 Be7 8. f4
e5 9. Nf5 Bxf5 10. exf5 Nd5 11. Qf3 Nxe3 12. Qxe3 O-O 13. O-O-O exf4 14. Qxf4
Bg5 15. Qg3 d5 16. h4 Bf6 17. Nb3 a5 18. Be4 Be5 19. Qf2 Qf6 20. Bxd5 Bxb2+ 21.
Kb1 a4 22. Nd2 Bd4 23. Qf3 Ne5 24. Qe4 Qb6+ 25. Nb3 Bc3 26. Rh3 Qc7 27. Nd4
Qb6+ 28. Nb3 axb3 29. Rxc3 bxa2+ 30. Ka1 Qf6 31. Bxb7 Rae8 32. Kxa2 Ng6 33. Qc4
Qxf5 34. Rf1 Qa5+ 35. Ra3 Qb6 36. Bd5 Ne5 37. Qa4 Qc5 38. Qe4 Kh8 39. Re1 f5
40. Qf4 Qxd5+ 41. Kb1 h6 42. Ra7 Nc4 43. Rae7 Qb5+ 0-1

[Event "Campionatele Nationale pe echipe-Superl"]
[Site "Calimanesti-Caciulata"]
[Date "2014.11.14"]
[Round "7.2"]
[White "Ionescu Brandis, Irina"]
[Black "Stanciu, Ioana-Georgiana"]
[Result "1-0"]
[WhiteElo "2104"]
[BlackElo "1850"]
[PlyCount "69"]
[EventDate "2014.11.08"]
[EventType "team"]
[EventRounds "7"]
[WhiteTeam "CLUBUL CENTRAL DE SAH BUCURESTI"]
[BlackTeam "CSM LUGOJ"]

1. e4 c5 2. Nf3 d6 3. d4 cxd4 4. Nxd4 Nf6 5. Nc3 g6 6. Be3 Bg7 7. f3 Nc6 8. Qd2
O-O 9. O-O-O d5 10. Qe1 e5 11. Nxc6 bxc6 12. exd5 Nxd5 13. Bc4 Be6 14. Ne4 Qc7
15. Bc5 Rfd8 16. Qh4 h6 17. g4 Nf4 18. Bxe6 Nxe6 19. Bd6 Qa5 20. Kb1 Nd4 21.
Rd3 Qa4 22. b3 Qb5 23. a4 Qa5 24. Qe7 Re8 25. Qc7 Qd5 26. Ba3 Red8 27. Qe7 Rd7
28. Nf6+ Bxf6 29. Qxf6 c5 30. Re1 Re8 31. c4 Qb7 32. Rxe5 Rb8 33. Bb2 Qc7 34.
Ka2 Rb6 35. Re8+ 1-0

[Event "Calimanesti ROM, Ch U16 (g) 2014"]
[Site "Calimanesti ROM"]
[Date "2014.04.06"]
[Round "1.2"]
[White "Bogdan, Laura Iulia"]
[Black "Stanciu, Ioana-Georgiana"]
[Result "0-1"]
[WhiteElo "1489"]
[BlackElo "1789"]
[PlyCount "70"]
[EventDate "2014.04.06"]
[EventType "swiss"]
[EventRounds "9"]
[EventCountry "ROM"]

1. e4 c5 2. Nf3 d6 3. d4 cxd4 4. Nxd4 Nf6 5. Bb5+ Bd7 6. Bxd7+ Qxd7 7. f3 g6 8.
c4 Bg7 9. Nc3 Nc6 10. Be3 O-O 11. O-O Rac8 12. b3 Rfd8 13. Rc1 Ne8 14. Nde2 Nc7
15. Qd2 Rb8 16. Nb5 a6 17. Bb6 axb5 18. cxb5 Nxb5 19. Bxd8 Qxd8 20. Qd3 Qb6+
21. Kh1 Ra8 22. Rc2 Nb4 23. Qc4 Nxc2 24. Qxc2 Qc5 25. Qxc5 dxc5 26. a4 Nd4 27.
Nxd4 Bxd4 28. Rd1 Ra5 29. g4 b5 30. axb5 Rxb5 31. Rd3 e5 32. Kg2 Ra5 33. Rd2
Ra3 34. b4 cxb4 35. f4 b3 0-1

[Event "Calimanesti ROM, Ch U16 (g) 2014"]
[Site "Calimanesti ROM"]
[Date "2014.04.07"]
[Round "2.2"]
[White "Stanciu, Ioana-Georgiana"]
[Black "Corolea, Diana-Gabriela"]
[Result "1-0"]
[WhiteElo "1789"]
[BlackElo "1598"]
[PlyCount "93"]
[EventDate "2014.04.06"]
[EventType "swiss"]
[EventRounds "9"]
[EventCountry "ROM"]

1. e4 e5 2. Nf3 Nc6 3. Bb5 a6 4. Ba4 Nf6 5. d3 b5 6. Bb3 Be7 7. Nbd2 d6 8. c3
O-O 9. Nf1 Na5 10. Bc2 Bg4 11. Ng3 Qd7 12. O-O c5 13. h3 Be6 14. Nh2 Nb7 15. f4
exf4 16. Bxf4 d5 17. e5 Ne8 18. d4 f6 19. Qh5 f5 20. Nf3 g6 21. Qh6 Nd8 22. Ng5
Bxg5 23. Qxg5 Nf7 24. Qh4 Kg7 25. Ne2 c4 26. Qg3 Qe7 27. h4 Rg8 28. Be3 Kh8 29.
Nf4 Nc7 30. Qh3 Bd7 31. h5 gxh5 32. Qxh5 Rg5 33. Qh2 Rag8 34. Kf2 Rg4 35. Rh1
Ng5 36. Rag1 Qf7 37. Ke1 Ne4 38. Bxe4 fxe4 39. Nh5 Ne8 40. Rf1 Qg6 41. Nf6 Nxf6
42. Rxf6 Qg7 43. Bh6 Qe7 44. Bf8 Rxg2 45. Bxe7 Rxh2 46. Rxh2 Re8 47. Rf7 1-0

[Event "Calimanesti ROM, Ch U16 (g) 2014"]
[Site "Calimanesti ROM"]
[Date "2014.04.08"]
[Round "3.2"]
[White "Cimpean, Andra"]
[Black "Stanciu, Ioana-Georgiana"]
[Result "1/2-1/2"]
[WhiteElo "1646"]
[BlackElo "1789"]
[PlyCount "116"]
[EventDate "2014.04.06"]
[EventType "swiss"]
[EventRounds "9"]
[EventCountry "ROM"]

1. e4 c5 2. c3 d5 3. exd5 Qxd5 4. d4 Nc6 5. Nf3 Bf5 6. Be3 cxd4 7. Nxd4 Nf6 8.
Nxf5 Qxf5 9. Bd3 Qd5 10. O-O e5 11. Be2 Qe6 12. Qb3 Qxb3 13. axb3 Nd5 14. Bb5
Nxe3 15. Bxc6+ bxc6 16. fxe3 Bc5 17. Kf2 f6 18. Nd2 Ke7 19. Ne4 Bb6 20. b4 Rhd8
21. Ke2 Ke6 22. Ra6 Kd5 23. Nd2 c5 24. c4+ Kc6 25. b5+ Kb7 26. Nb1 Rd6 27. Nc3
Re8 28. Nd5 e4 29. Rfa1 Ra8 30. Nxb6 Rxb6 31. Rxb6+ axb6 32. Rxa8 Kxa8 33. Kf2
f5 34. h4 Kb7 35. Kg3 Kc7 36. Kf4 g6 37. g3 Kd6 38. Kg5 Ke6 39. h5 Kf7 40.
hxg6+ hxg6 41. b3 Kg7 42. g4 fxg4 43. Kxg4 Kf6 44. Kf4 g5+ 45. Kxe4 Ke6 46. Kf3
Kf5 47. Kg3 Ke4 48. Kg4 Kxe3 49. Kxg5 Kd3 50. Kf5 Kc3 51. Ke4 Kxb3 52. Kd5 Kb4
53. Kc6 Kxc4 54. Kxb6 Kd4 55. Ka6 c4 56. b6 c3 57. b7 c2 58. b8=Q c1=Q 1/2-1/2

[Event "Calimanesti ROM, Ch U16 (g) 2014"]
[Site "Calimanesti ROM"]
[Date "2014.04.09"]
[Round "4.1"]
[White "Ciungan, Diana Alexandra"]
[Black "Stanciu, Ioana-Georgiana"]
[Result "1/2-1/2"]
[WhiteElo "1772"]
[BlackElo "1789"]
[PlyCount "80"]
[EventDate "2014.04.06"]
[EventType "swiss"]
[EventRounds "9"]
[EventCountry "ROM"]

1. e4 c5 2. Nf3 e6 3. d4 cxd4 4. Nxd4 Nf6 5. Nc3 d6 6. Bd3 Nc6 7. Nxc6 bxc6 8.
O-O e5 9. Kh1 Be7 10. f4 O-O 11. Qe2 Nd7 12. b3 exf4 13. Bxf4 Bf6 14. Qd2 Ne5
15. Rad1 Qe7 16. Na4 Be6 17. c4 Kh8 18. Bb1 Rad8 19. Qc2 Bg5 20. Qc1 Bxf4 21.
Qxf4 Bg4 22. Rd2 Qh4 23. c5 Ng6 24. Qf2 Qxf2 25. Rfxf2 dxc5 26. Nxc5 Ne5 27. h3
Bc8 28. Bd3 Nxd3 29. Rxd3 Rxd3 30. Nxd3 f5 31. exf5 Rxf5 32. Kg1 Kg8 33. Rxf5
Bxf5 34. Ne5 Be4 35. Kf2 Kf8 36. g3 Ke7 37. Ke3 Bd5 38. Kd4 Kd6 39. Nc4+ Ke6
40. Ne3 Bf3 1/2-1/2

[Event "Calimanesti ROM, Ch U16 (g) 2014"]
[Site "Calimanesti ROM"]
[Date "2014.04.09"]
[Round "5.2"]
[White "Stanciu, Ioana-Georgiana"]
[Black "Ardelean, Lorela-Daniela"]
[Result "1-0"]
[WhiteElo "1789"]
[BlackElo "1224"]
[PlyCount "61"]
[EventDate "2014.04.06"]
[EventType "swiss"]
[EventRounds "9"]
[EventCountry "ROM"]

1. e4 d5 2. exd5 Qxd5 3. Nf3 Bg4 4. Be2 Nc6 5. d4 O-O-O 6. c4 Qd7 7. d5 Bxf3 8.
Bxf3 Ne5 9. Be2 e6 10. Qd4 Nc6 11. Qf4 Bd6 12. dxc6 Qxc6 13. Qf3 Qb6 14. O-O
Qd4 15. Nc3 h5 16. Nb5 Qh4 17. Nxd6+ Rxd6 18. Bf4 Rd8 19. Rad1 g5 20. Bg3 Qg4
21. Rxd8+ Kxd8 22. Rd1+ Kc8 23. Qd3 Nf6 24. Bxg4 hxg4 25. Be5 g3 26. hxg3 b6
27. Bxf6 Rh6 28. Qd8+ Kb7 29. Rd7 Rxf6 30. Qxc7+ Ka6 31. Qxa7# 1-0

[Event "Calimanesti ROM, Ch U16 (g) 2014"]
[Site "Calimanesti ROM"]
[Date "2014.04.10"]
[Round "6.2"]
[White "Stanciu, Ioana-Georgiana"]
[Black "Cusmuliuc, Diana Elena"]
[Result "1-0"]
[WhiteElo "1789"]
[BlackElo "1831"]
[PlyCount "83"]
[EventDate "2014.04.06"]
[EventType "swiss"]
[EventRounds "9"]
[EventCountry "ROM"]

1. e4 e6 2. d4 d5 3. Nc3 Nf6 4. Bg5 Bb4 5. e5 h6 6. exf6 hxg5 7. fxg7 Rg8 8. h4
Qf6 9. hxg5 Qxg7 10. Nf3 Bd7 11. Qd2 Nc6 12. O-O-O O-O-O 13. Bb5 Bd6 14. Rh6
Rh8 15. Rdh1 Bb4 16. Kb1 Ne7 17. Bd3 Rxh6 18. Rxh6 Rh8 19. g3 c5 20. a3 Ba5 21.
Qf4 c4 22. Be2 Bxc3 23. bxc3 Be8 24. g4 Ng8 25. Rh5 Rxh5 26. gxh5 Qh7 27. Ne5
Ne7 28. Qf6 Ng8 29. Qf4 Ne7 30. Qg4 Nf5 31. Bf3 Qg8 32. Bxd5 Nd6 33. Bxc4 f5
34. Qh4 Ne4 35. Kb2 Nxg5 36. Ng6 Bxg6 37. Qxg5 Bf7 38. Qf6 a6 39. h6 Kd7 40.
Bb3 Kc7 41. d5 exd5 42. Qxf5 1-0

[Event "Calimanesti ROM, Ch U16 (g) 2014"]
[Site "Calimanesti ROM"]
[Date "2014.04.11"]
[Round "7.2"]
[White "Dumitras, Teodora-Iarina"]
[Black "Stanciu, Ioana-Georgiana"]
[Result "0-1"]
[WhiteElo "1647"]
[BlackElo "1789"]
[PlyCount "78"]
[EventDate "2014.04.06"]
[EventType "swiss"]
[EventRounds "9"]
[EventCountry "ROM"]

1. c4 e6 2. Nc3 d5 3. cxd5 exd5 4. d4 Nf6 5. Bg5 Be7 6. Nf3 c6 7. e3 Bf5 8. Bd3
Bxd3 9. Qxd3 O-O 10. Bxf6 Bxf6 11. g4 Nd7 12. h4 g6 13. g5 Bg7 14. h5 Qe7 15.
O-O-O Qe6 16. Rdg1 b5 17. Ne2 c5 18. hxg6 fxg6 19. Nf4 Qe4 20. Qxb5 cxd4 21.
Nd2 Rac8+ 22. Kd1 Qc2+ 23. Ke2 Nb6 24. Rc1 Qf5 25. Rc6 Rxc6 26. Qxc6 Rc8 27.
Qe6+ Qxe6 28. Nxe6 dxe3 29. fxe3 Bxb2 30. Rf1 Re8 31. Nf4 d4 32. e4 Bc3 33. Nb1
Rxe4+ 34. Kd3 Re3+ 35. Kc2 Bb4 36. Rd1 Re4 37. Rf1 Bd6 38. Nd3 Nd5 39. Rc1 Rg4
0-1

[Event "Calimanesti ROM, Ch U16 (g) 2014"]
[Site "Calimanesti ROM"]
[Date "2014.04.12"]
[Round "8.2"]
[White "Stanciu, Ioana-Georgiana"]
[Black "Morar, Maria-Magdalena"]
[Result "1-0"]
[WhiteElo "1789"]
[BlackElo "1510"]
[PlyCount "161"]
[EventDate "2014.04.06"]
[EventType "swiss"]
[EventRounds "9"]
[EventCountry "ROM"]

1. e4 c5 2. Nf3 e6 3. d4 cxd4 4. Nxd4 Nf6 5. Nc3 d6 6. f4 a6 7. Qf3 Qc7 8. Be3
Be7 9. Bd3 O-O 10. g4 Nc6 11. g5 Ne8 12. O-O-O Nxd4 13. Bxd4 e5 14. Nd5 Qd8 15.
Bb6 Qd7 16. h4 Bd8 17. h5 Nc7 18. Bxc7 Bxc7 19. fxe5 dxe5 20. Bc4 Qg4 21. Qe3
Bd8 22. Rdg1 Bxg5 23. Qxg5 Qxg5+ 24. Rxg5 Kh8 25. Rxe5 Bg4 26. Ne3 Bc8 27. Rd1
g6 28. Rf1 Kg7 29. Re7 gxh5 30. Rfxf7+ Rxf7 31. Rxf7+ Kg6 32. e5 Bh3 33. e6
Bxe6 34. Bxe6 Re8 35. Rxb7 Rxe6 36. Ng2 Rf6 37. Kd1 h6 38. Ke2 Kf5 39. Rg7 Re6+
40. Kd3 Rd6+ 41. Kc3 Rc6+ 42. Kb3 Rb6+ 43. Ka3 Re6 44. Nh4+ Kf4 45. Rg6 Re2 46.
c4 Re5 47. Rxa6 Rg5 48. Rf6+ Kg3 49. Nf5+ Kh2 50. Nxh6 h4 51. Nf5 h3 52. Nd6
Kg1 53. Rh6 h2 54. Rxh2 Kxh2 55. b4 Rg6 56. c5 Kg3 57. b5 Rg8 58. Kb4 Kf4 59.
b6 Ke5 60. b7 Rb8 61. Kb5 Ke6 62. a4 Kd7 63. Kb6 Ke7 64. Kc7 Rd8 65. b8=Q Rxb8
66. Kxb8 Kd7 67. Kb7 Kd8 68. c6 Ke7 69. c7 Kxd6 70. c8=Q Ke5 71. Qc4 Kf5 72.
Qd4 Ke6 73. Kc6 Kf5 74. Qe3 Kf6 75. Qe4 Kg5 76. Kd5 Kf6 77. Qe5+ Kg6 78. Ke6
Kh6 79. Qg3 Kh5 80. Kf5 Kh6 81. Qg6# 1-0

[Event "Calimanesti ROM, Ch U16 (g) 2014"]
[Site "Calimanesti ROM"]
[Date "2014.04.13"]
[Round "9.2"]
[White "Stanciu, Ioana-Georgiana"]
[Black "Toba, Andreea-Valentina"]
[Result "1-0"]
[WhiteElo "1789"]
[BlackElo "1489"]
[PlyCount "73"]
[EventDate "2014.04.06"]
[EventType "swiss"]
[EventRounds "9"]
[EventCountry "ROM"]

1. e4 e5 2. Nf3 Nc6 3. Bb5 a6 4. Ba4 b5 5. Bb3 Nf6 6. d3 Be7 7. Nbd2 O-O 8. Nf1
Bc5 9. Be3 Bxe3 10. Nxe3 d6 11. c3 h6 12. O-O Be6 13. Bc2 Qd7 14. d4 exd4 15.
Nxd4 Rfe8 16. Re1 Ne5 17. Nxe6 Rxe6 18. f4 Nc6 19. Qf3 Rae8 20. Nf5 Ne7 21. Nd4
Nc6 22. Nxe6 Rxe6 23. Rad1 a5 24. e5 Qe8 25. Bd3 dxe5 26. Bxb5 e4 27. Qg3 Nh5
28. Qg4 Nf6 29. Qf5 g6 30. Qh3 h5 31. Qg3 Qb8 32. Bc4 Qb6+ 33. Kh1 Re7 34.
Qxg6+ Kf8 35. Qxf6 Kg8 36. Rd8+ Nxd8 37. Qxe7 1-0

[Event "7th Arad Open 2014"]
[Site "Arad ROU"]
[Date "2014.??.??"]
[Round "1.1"]
[White "Berkes, Ferenc"]
[Black "Stanciu, Ioana-Georgiana"]
[Result "1-0"]
[WhiteElo "2658"]
[BlackElo "1887"]
[PlyCount "33"]
[EventDate "2014.??.??"]

1. d4 d5 2. c4 dxc4 3. e3 e5 4. Bxc4 exd4 5. exd4 Bb4+ 6. Nc3 Nf6 7. Nf3 O-O 8.
O-O Nc6 9. h3 Bf5 10. Bg5 Qd6 11. Nb5 Qe7 12. a3 a6 13. Bxf6 gxf6 14. Nc3 Ba5
15. Qd2 Kh8 16. Qf4 Bxc3 17. Qxf5 1-0

[Event "CN Juniori 2013 - F16"]
[Site "Calimanesti-Caciulata"]
[Date "2013.04.02"]
[Round "1.5"]
[White "Stanciu, Ioana-Georgiana"]
[Black "Varga, Adrienn"]
[Result "1/2-1/2"]
[WhiteElo "1746"]
[BlackElo "1607"]
[PlyCount "112"]
[EventDate "2013.04.02"]
[EventRounds "9"]

1. e4 c6 2. d3 d5 3. Nd2 dxe4 4. dxe4 Nf6 5. Ngf3 Bg4 6. h3 Bh5 7. Bd3 e6 8.
Nf1 Nbd7 9. Ng3 Bxf3 10. Qxf3 Ne5 11. Qe2 Nxd3+ 12. cxd3 Qa5+ 13. Kf1 Rd8 14.
Be3 Bd6 15. f4 e5 16. Nf5 g6 17. Nxd6+ Rxd6 18. Kf2 a6 19. Rhd1 Nh5 20. g3 Rf6
21. Qg4 exf4 22. gxf4 Qc7 23. Kf3 Rg8 24. Rf1 Qd7 25. d4 Ke7 26. Qxd7+ Kxd7 27.
Rad1 Rd6 28. d5 cxd5 29. e5 Rc6 30. Rxd5+ Ke6 31. Rd2 Rgc8 32. Rfd1 R8c7 33. b4
Rc4 34. a3 Rc3 35. Rd6+ Ke7 36. R1d3 Ng7 37. Bc5 Rxd3+ 38. Rxd3+ Ke8 39. Ke4
Nf5 40. Rd1 h5 41. Rd3 Rc6 42. Rc3 Kd7 43. Bd4 Rxc3 44. Bxc3 Ke6 45. Be1 Kd7
46. a4 Kc6 47. Bd2 Kd7 48. Kd5 Ne7+ 49. Kc5 Nc8 50. b5 axb5 51. axb5 Ke6 52.
Be3 Kd7 53. Kd5 Ne7+ 54. Kc5 Ng8 55. Kd5 Ne7+ 56. Kc5 Nc8 1/2-1/2

[Event "CN Juniori 2013 - F16"]
[Site "Calimanesti-Caciulata"]
[Date "2013.04.03"]
[Round "2.4"]
[White "Ciocan, Clara-Theodora"]
[Black "Stanciu, Ioana-Georgiana"]
[Result "0-1"]
[WhiteElo "1523"]
[BlackElo "1746"]
[PlyCount "66"]
[EventDate "2013.04.02"]
[EventRounds "9"]

1. e4 c5 2. Nf3 e6 3. d3 d5 4. Nbd2 Nf6 5. g3 g6 6. Bg2 Bg7 7. O-O O-O 8. Re1
Nc6 9. c3 a6 10. Qc2 b5 11. a4 Bb7 12. exd5 Nxd5 13. Ne4 Qb6 14. Nd6 Rfd8 15.
Nxb7 Qxb7 16. Be3 Nxe3 17. Rxe3 Qd7 18. Rd1 Rac8 19. d4 cxd4 20. Red3 Nb4 21.
Qd2 Nxd3 22. Qxd3 e5 23. cxd4 exd4 24. axb5 Qxb5 25. Qxb5 axb5 26. Bf1 b4 27.
Kg2 Rc2 28. b3 Rc3 29. Bc4 d3 30. Nd2 Rc2 31. Nf1 d2 32. f4 Rc1 33. Ne3 Re8 0-1

[Event "CN Juniori 2013 - F16"]
[Site "Calimanesti-Caciulata"]
[Date "2013.04.03"]
[Round "3.3"]
[White "Toma, Andreea Simona"]
[Black "Stanciu, Ioana-Georgiana"]
[Result "0-1"]
[WhiteElo "1364"]
[BlackElo "1746"]
[PlyCount "54"]
[EventDate "2013.04.02"]
[EventRounds "9"]

1. d4 d5 2. c4 c6 3. e3 Nf6 4. Nc3 e6 5. Nf3 Nbd7 6. Be2 dxc4 7. Bxc4 b5 8. Bd3
Bd6 9. O-O O-O 10. Nd2 a6 11. Qc2 Bb7 12. e4 e5 13. dxe5 Nxe5 14. Kh1 Qc7 15.
h3 Nxd3 16. Qxd3 c5 17. b3 Rad8 18. Qe3 Bf4 19. Qe2 Rfe8 20. f3 Qe5 21. Ndb1
Bxc1 22. Rxc1 b4 23. f4 Qxf4 24. Rf1 Qe5 25. Rf5 Qd4 26. Qf3 bxc3 27. Nxc3 Bxe4
0-1

[Event "CN Juniori 2013 - F16"]
[Site "Calimanesti-Caciulata"]
[Date "2013.04.04"]
[Round "4.2"]
[White "Stanciu, Ioana-Georgiana"]
[Black "Cosman, Andreea-Marioara"]
[Result "0-1"]
[WhiteElo "1746"]
[BlackElo "1939"]
[PlyCount "84"]
[EventDate "2013.04.02"]
[EventRounds "9"]

1. e4 c5 2. Nf3 d6 3. Bc4 e6 4. Qe2 a6 5. a4 Nc6 6. c3 Nf6 7. O-O Be7 8. Bb3 e5
9. h3 O-O 10. Rd1 Be6 11. Bc2 Qb6 12. Na3 h6 13. Nc4 Bxc4 14. Qxc4 Na5 15. Qe2
Nb3 16. Bxb3 Qxb3 17. d4 cxd4 18. cxd4 Rac8 19. dxe5 Rc2 20. Rd2 Rfc8 21. Rxc2
Rxc2 22. Nd2 dxe5 23. Qd1 Qd3 24. Qf3 Rxd2 25. Bxd2 Qxd2 26. b3 Qd4 27. Re1 Bc5
28. Kf1 Bb4 29. Rd1 Qxe4 30. Rd8+ Kh7 31. Qd1 Nh5 32. Rd3 Nf4 33. Rg3 b6 34.
Rf3 f6 35. Rg3 a5 36. Rf3 Bc5 37. Rg3 Qd4 38. Qb1+ Kg8 39. Rf3 Kf7 40. Kg1 Ne2+
41. Kh2 e4 42. Re3 Qe5+ 0-1

[Event "CN Juniori 2013 - F16"]
[Site "Calimanesti-Caciulata"]
[Date "2013.04.05"]
[Round "5.3"]
[White "Bracacescu, Raluca-Veronica"]
[Black "Stanciu, Ioana-Georgiana"]
[Result "1/2-1/2"]
[WhiteElo "1682"]
[BlackElo "1746"]
[PlyCount "84"]
[EventDate "2013.04.02"]
[EventRounds "9"]

1. e4 c5 2. c3 Nf6 3. e5 Nd5 4. d4 cxd4 5. Nf3 Nc6 6. cxd4 d6 7. Bc4 e6 8. O-O
Be7 9. Qe2 O-O 10. Nc3 Nb6 11. Bd3 f6 12. Qe4 f5 13. Qe2 Nb4 14. Bb1 a6 15. a3
N4d5 16. Bd2 Bd7 17. Ba2 Nxc3 18. bxc3 d5 19. Rfe1 Bb5 20. Qd1 Rc8 21. Bb3 Qc7
22. a4 Bc4 23. a5 Bxb3 24. Qxb3 Nc4 25. Bg5 Nxa5 26. Rxa5 Bxg5 27. Rc5 Qe7 28.
Rxc8 Rxc8 29. Nxg5 Qxg5 30. Qxb7 Rxc3 31. Qxa6 Kf7 32. Qa4 Qe7 33. h3 Rc4 34.
Qa1 Qc7 35. Qd1 Qb8 36. Qh5+ Kg8 37. Rd1 g6 38. Qg5 Qb6 39. Qe3 Qb2 40. Qf4 Rc2
41. Qh4 Qb6 42. Qe7 Rc7 1/2-1/2

[Event "CN Juniori 2013 - F16"]
[Site "Calimanesti-Caciulata"]
[Date "2013.04.05"]
[Round "6.1"]
[White "Stanciu, Ioana-Georgiana"]
[Black "Bulmaga, Elena"]
[Result "0-1"]
[WhiteElo "1746"]
[BlackElo "1798"]
[PlyCount "90"]
[EventDate "2013.04.02"]
[EventRounds "9"]

1. e4 e6 2. d3 d5 3. Nd2 Nf6 4. Ngf3 c5 5. g3 Nc6 6. Bg2 b6 7. O-O Bb7 8. e5
Nd7 9. Re1 Qc7 10. Qe2 Be7 11. Nf1 h6 12. h4 O-O-O 13. Bf4 Rdg8 14. Qd2 d4 15.
Rac1 g5 16. hxg5 hxg5 17. Nxg5 Bxg5 18. Bxg5 Ncxe5 19. Qf4 Bxg2 20. Kxg2 Qc6+
21. Qe4 Rxg5 22. f4 Rg4 23. Nh2 Rg7 24. fxe5 Nxe5 25. Nf3 Qxe4 26. Rxe4 Nxf3
27. Kxf3 Kd7 28. a3 Rh2 29. Rh4 Rh7 30. Kg4 Ke7 31. b4 f5+ 32. Kg5 R7xh4 33.
gxh4 Rg2+ 34. Kh6 c4 35. h5 c3 36. Kh7 e5 37. h6 f4 38. Kh8 f3 39. h7 f2 40.
Rf1 e4 41. dxe4 d3 42. cxd3 c2 43. d4 Rg1 44. Rxf2 c1=Q 45. Rf5 Qc8+ 0-1

[Event "CN Juniori 2013 - F16"]
[Site "Calimanesti-Caciulata"]
[Date "2013.04.06"]
[Round "7.3"]
[White "Stanciu, Ioana-Georgiana"]
[Black "Cusmuliuc, Diana Elena"]
[Result "1-0"]
[WhiteElo "1746"]
[BlackElo "1782"]
[PlyCount "59"]
[EventDate "2013.04.02"]
[EventRounds "9"]

1. e4 c5 2. Nf3 d6 3. d4 cxd4 4. Nxd4 Nf6 5. Nc3 a6 6. f4 e5 7. Nf3 Nbd7 8. Bd3
Be7 9. O-O O-O 10. Kh1 b5 11. a3 Bb7 12. Qe1 exf4 13. Bxf4 Nc5 14. Rd1 Ne6 15.
Bg3 Nh5 16. e5 Nxg3+ 17. Qxg3 d5 18. Be4 b4 19. Nxd5 Qe8 20. axb4 Rd8 21. Nxe7+
Qxe7 22. Bxb7 Qxb7 23. c3 Qe4 24. Qf2 Qc4 25. Rfe1 Qg4 26. Qh4 Qg6 27. Nd4 Nc7
28. Nc6 Qxc6 29. Rxd8 Ne8 30. Qe7 1-0

[Event "CN Juniori 2013 - F16"]
[Site "Calimanesti-Caciulata"]
[Date "2013.04.07"]
[Round "8.2"]
[White "Cirlig, Ioana Andreea"]
[Black "Stanciu, Ioana-Georgiana"]
[Result "0-1"]
[WhiteElo "1813"]
[BlackElo "1746"]
[PlyCount "72"]
[EventDate "2013.04.02"]
[EventRounds "9"]

1. c4 e6 2. Nf3 d5 3. g3 Nf6 4. Bg2 dxc4 5. Qa4+ c6 6. Qxc4 b5 7. Qc2 Bb7 8. d4
Nbd7 9. Nc3 a6 10. O-O c5 11. Rd1 Rc8 12. dxc5 Bxc5 13. a3 Qb6 14. e3 O-O 15.
b4 Be7 16. Bb2 Nd5 17. Nxd5 Bxd5 18. Qd3 Nf6 19. Bd4 Qb7 20. Qe2 Rc4 21. Rac1
Rfc8 22. Bb2 Be4 23. Ne1 Bxg2 24. Nxg2 h6 25. Ne1 Ne4 26. Qf3 R8c7 27. Kg2 Qc8
28. Rxc4 Rxc4 29. Rd4 Ng5 30. Qg4 f5 31. Qh5 Qc6+ 32. Kg1 Kh7 33. Kf1 Bf6 34.
Rd2 Bxb2 35. Rxb2 Rc1 36. e4 Qxe4 0-1

[Event "CN Juniori 2013 - F16"]
[Site "Calimanesti-Caciulata"]
[Date "2013.04.08"]
[Round "9.3"]
[White "Stanciu, Ioana-Georgiana"]
[Black "Moldovan ,  Petruta-Alisia "]
[Result "0-1"]
[WhiteElo "1746"]
[BlackElo "1712"]
[PlyCount "76"]
[EventDate "2013.04.02"]
[EventRounds "9"]

1. e4 c5 2. Nf3 Nc6 3. d4 cxd4 4. Nxd4 e6 5. Nc3 Qc7 6. a3 a6 7. Be3 Nf6 8. f4
d6 9. Qf3 Nxd4 10. Bxd4 e5 11. Be3 Be7 12. h3 b5 13. Bd3 Bb7 14. g4 exf4 15.
Bxf4 Rd8 16. O-O-O O-O 17. g5 Nd7 18. h4 Ne5 19. Qg3 Qc5 20. h5 Rc8 21. Nd5
Nxd3+ 22. Qxd3 Bxd5 23. exd5 Qc4 24. Qxc4 Rxc4 25. Rhf1 Rxf4 26. Rxf4 Bxg5 27.
Rdd4 Bxf4+ 28. Rxf4 Re8 29. a4 Re5 30. Rb4 Rxd5 31. c4 Rc5 32. b3 Kf8 33. axb5
axb5 34. Rxb5 Rxb5 35. cxb5 Ke7 36. Kd2 Kd7 37. Kd3 Kc7 38. Kd4 Kb6 0-1

[Event "Campionatul National individual  de sen"]
[Site "Olanesti"]
[Date "2013.02.16"]
[Round "1.8"]
[White "Foisor, Mihaela Veronica"]
[Black "Stanciu, Ioana-Georgiana"]
[Result "1-0"]
[WhiteElo "2219"]
[BlackElo "1716"]
[PlyCount "61"]
[EventDate "2013.02.16"]
[EventRounds "9"]

1. d4 d5 2. c4 c6 3. e3 e6 4. Nc3 f5 5. Nf3 Nd7 6. g3 Qf6 7. Bg2 Bd6 8. b3 Nh6
9. Qc2 O-O 10. Bb2 Qg6 11. Ne2 Ng4 12. Nf4 Qh6 13. h3 Ngf6 14. Nxe6 Re8 15.
Neg5 f4 16. gxf4 Bxf4 17. h4 Ng4 18. O-O-O Nxf2 19. exf4 Nxd1 20. Rxd1 Nf8 21.
Kb1 Qf6 22. Ka1 Qxf4 23. cxd5 cxd5 24. Ne5 Qxh4 25. Bxd5+ Be6 26. Nxe6 Nxe6 27.
Rh1 Qxh1+ 28. Bxh1 Rac8 29. Qd2 Rf8 30. Bg2 Nf4 31. d5 1-0

[Event "Campionatul National individual  de sen"]
[Site "Olanesti"]
[Date "2013.02.16"]
[Round "3.8"]
[White "Mathe, Katalin"]
[Black "Stanciu, Ioana-Georgiana"]
[Result "1-0"]
[WhiteElo "1989"]
[BlackElo "1716"]
[PlyCount "37"]
[EventDate "2013.02.16"]
[EventRounds "9"]

1. Nf3 d5 2. d4 e6 3. g3 Nf6 4. Bg2 b5 5. Ne5 Bb7 6. c3 Nbd7 7. a4 b4 8. a5
Nxe5 9. dxe5 Nd7 10. a6 Bc8 11. O-O Nxe5 12. cxb4 Rb8 13. Bf4 Nc6 14. b5 Rxb5
15. e4 Bb4 16. exd5 exd5 17. Qe2+ Be6 18. Qxb5 Qd7 19. Rc1 1-0

[Event "Campionatul National individual  de sen"]
[Site "Olanesti"]
[Date "2013.02.16"]
[Round "4.14"]
[White "Stanciu, Ioana-Georgiana"]
[Black "Toma, Elena-Adelaida"]
[Result "1-0"]
[WhiteElo "1716"]
[BlackElo "1722"]
[PlyCount "110"]
[EventDate "2013.02.16"]
[EventRounds "9"]

1. e4 e6 2. d3 d5 3. Nd2 c5 4. Ngf3 Nf6 5. g3 Nc6 6. Bg2 Qc7 7. O-O Be7 8. Re1
O-O 9. Nf1 dxe4 10. dxe4 Rd8 11. Qe2 Nd4 12. Nxd4 cxd4 13. a3 e5 14. b4 Be6 15.
Bb2 Nd7 16. Rac1 Bc4 17. Qd2 Nb6 18. f4 Na4 19. Ba1 f6 20. h3 b5 21. Nh2 Rac8
22. Nf3 Bf7 23. Bf1 a6 24. Bd3 Bd6 25. f5 Nc3 26. Kh2 a5 27. Bxc3 dxc3 28. Qe2
axb4 29. axb4 Bc4 30. Rb1 Bxd3 31. Qxd3 Qc4 32. Red1 Qxd3 33. Rxd3 Be7 34.
Rxd8+ Rxd8 35. Kg2 Rc8 36. Rb3 Rc4 37. Ne1 Rxe4 38. Kf1 Rc4 39. Ke2 Kf7 40. Ng2
Bxb4 41. Ne3 Rd4 42. Kf3 e4+ 43. Ke2 Ke7 44. Rxb4 Rxb4 45. Nd5+ Kd6 46. Nxb4
Kc5 47. Na2 Kd4 48. g4 h6 49. Kf2 Kc4 50. Ke3 b4 51. Kxe4 b3 52. cxb3+ Kxb3 53.
Nxc3 Kxc3 54. Kd5 Kd3 55. Ke6 Ke4 1-0